000 01746nam0a2200373 i 4500
001 RU\NLR\BIBL_A\010857387
005 20260406083239.0
010 _a9785358152700
_95000
021 _aRU
_b2015-66518
_93980
035 _a(NILC)RuMoRGB-008008378
035 _a(NLR Aleph) 010857387
090 _a10403801
_c10403801
100 _a20151007d2016 e y0rusy50 ca
101 0 _arus
102 _aRU
105 _aabchj 000yy
200 1 _aИстория России
_eначало XX - начало XXI века
_eучебник
_e10 [класс]
_fО. В. Волобуев, С. П. Карпачев, П. Н. Романов
210 _aМосква
_cДрофа
_d2016
_d[т. е. 2015]
215 _a367 с.
_cил., цв. ил., факс., портр., карты
_d24
225 1 _aИсторико-культурный стандарт
225 1 _aВертикаль
300 _aФактическая дата выхода в свет - 2015
320 _aБиблиогр.: с. 359-362
320 _aИнтернет-ресурсы: с. 363-365
607 _aРоссия
_jУчебники для средней школы
_xИстория
_z20 - нач. 21 вв.
_92388556
_3RU\NLR\AUTH\661424610
686 1 _aТ3(2)7я72
700 1 _7ca
_8rus
_aВолобуев
_bО. В.
_f1931-
_gОлег Владимирович
_932448
_3RU\NLR\AUTH\7749513
701 1 _7ca
_8rus
_aКарпачев
_bС. П.
_cд-р ист. наук
_f1950-
_gСергей Павлович
_988482
_3RU\NLR\AUTH\77105557
701 1 _aРоманов
_bП. Н.
_cисторик
_gПëтр Николаевич
_9152784
_3RU\NLR\AUTH\770152822
801 0 _aRU
_bРГБ
_c20150828
_gRCR
942 _cBOOK
980 _aNBR